000 00477nam a2200169Ia 4500
008 240729s9999 xx 000 0 und d
022 _a2000-8686
245 0 _aInfection Ecology & Epidemiology
260 _aUnited Kingdom
260 _bTaylor & Francis Group
650 _a Infectious and parasitic diseases
650 _a Internal medicine
650 _aMedicine
856 _uhttps://doaj.org/toc/5c093372b02642818e9a9e0c28bdb53e
942 _2ddc
942 _cDOAJEJ
999 _c69126
_d69126
945 _a1
_bMadushi Gamage
_c1
_dMadushi Gamage